Discrete mathematics with algorithms /
Guardado en:
| Autor Principal: | |
|---|---|
| Otros Autores: | |
| Formato: | Libro |
| Idioma: | English |
| Publicado: |
New York :
Wiley,
c1988.
|
| Materias: | |
| Acceso en línea: | Table of Contents Publisher description |
| Etiquetas: |
Agregar Etiqueta
Sin Etiquetas, Sea el primero en etiquetar este registro!
|
| LEADER | 00896cam a2200253 a 4500 | ||
|---|---|---|---|
| 001 | MAT.inmabb003270 | ||
| 008 | 880212s1988####nyua##########001#0#eng## | ||
| 005 | 20170508125203.0 | ||
| 245 | 1 | 0 | |a Discrete mathematics with algorithms / |c Michael O. Albertson, Joan P. Hutchinson. |
| 260 | |a New York : |b Wiley, |c c1988. | ||
| 300 | |a xiii, 546 p. : |b il. ; |c 25 cm. | ||
| 500 | |a Incluye índices. | ||
| 510 | 4 | |a MR, |c 89i:05001 | |
| 020 | |a 0471849022 | ||
| 100 | 1 | |a Albertson, Michael O. | |
| 700 | 1 | |a Hutchinson, Joan P. | |
| 650 | 0 | |a Mathematics. | |
| 650 | 0 | |a Computer science |x Mathematics. | |
| 084 | |a 05-01 (68Q25) |2 MR | ||
| 010 | |a 88000235 | ||
| 040 | |a DLC |c DLC |d DLC | ||
| 856 | 4 | |3 Table of Contents |u http://www.loc.gov/catdir/toc/onix05/88000235.html | |
| 856 | 4 | 2 | |3 Publisher description |u http://www.loc.gov/catdir/description/wiley034/88000235.html |
| 859 | |h 05 |i Al334 |p A-6665 |b BIB. MATEMATICA | ||
